000
00260nam a22001097a 4500
082
_a
621.3 GRA'A
100
_a
GRAHAM, FRANK D
_9
42150
245
_a
AUDELS NEW ELECTRIC LIBRARY
260
_a
BOMBAY
_b
D. B. TARAPOREVALE
_c
1963
300
_a
VOL-1&2
942
_c
BK
999
_c
585587
_d
585587